LEADER 01049nam a2200241 4500 001 000000345988 003 CaOOAMICUS 005 20210513123522.0 008 210513s2000 sm a 000 u ita r 040 $aSeMil$bita 245 10$aCristo nell'arte russa dal 15. al 20. sec. 264 1$a[S.l.] :$bPalace Editions :$bInternational Service,$c2000. 300 $aXV, 523 p. :$bill. ;$c33 cm 500 $aCatalogo della mostra tenuta a San Marino nel 2000 500 $aIn testa al front.: Museo di Stato Russo 500 $aIn cop.: Giubileo dell'anno 2000 650 4$aGesł Cristo - Iconografia - Cataloghi di esposizioni.$0(OLS)http://semarc/subject/11845 850 $aSeMil 852 $aSeMil$W1$xVenegono$y1$m5F XI 60$j226222$B237029$CSeMilBibl$Z2$F237029 $81 961 $aMagni don Walter - Omaggio 996 $6245$aCristo nell'arte russa dal 15. al 20. sec.$9(OLS)http://semarc/title/435178 996 $6264$a[S.l.] :$bPalace Editions :$bInternational Service$9(OLS)http://semarc/publisher/59796 LEADER 01377nam a2200241 i 4500 001 000000201507 003 CaOOAMICUS 005 20141021000000.0 008 141021s1909 it u000 u ita u 013 $a180209 040 $aSeMil$bita 245 10$aAtti di s. Carlo riguardanti la Svizzera e i suoi territorii :$bdocumenti raccolti dalle visite pastorali ... per cura del sac. D'Alessandri Paolo e pubblicati in occasione del terzo centenario della canonizzazione del beato 1610-1910. 260 $aLocarno :$bTipografia Artistica,$c1909. 300 $aVIII, 427 p. ;$c26 cm. 500 $aCon dedica. - Fondo card. Giovanni Colombo. 600 04$aBorromeo, Carlo .$0(OLS)http://semarc/subject/690 650 4$aBorromeo, Carlo - Pastorale.$0(OLS)http://semarc/subject/4910 850 $aSeMil 852 $aSeMil$W1$xVenegono$y1$m3GC VII 75$j152033$B152033$CSeMilBibl$Z2$F163209 $8B 941 1 $a3 961 $aLascito: Colombo Card. Giovanni 996 $6245$aAtti di s. Carlo riguardanti la Svizzera e i suoi territorii :$bdocumenti raccolti dalle visite pastorali ... per cura del sac. D'Alessandri Paolo e pubblicati in occasione del terzo centenario della canonizzazione del beato 1610-1910$9(OLS)http://semarc/title/291602 996 $6260$aLocarno :$bTipografia Artistica$9(OLS)http://semarc/publisher/46913